[Event "RUS-Cup01 Chigorin Memorial"]
[Site "St Petersburg"]
[Date "1997.11.01"]
[Round "1"]
[White "Fedorov, Alexei"]
[Black "Lopushnoy, Denis"]
[Result "1-0"]
[WhiteElo "2600"]
[BlackElo "2385"]
[Annotator "Gofshtein,L"]
[PlyCount "57"]
[EventDate "1997.11.01"]
[EventType "swiss"]
[EventRounds "9"]
[EventCountry "RUS"]
[SourceTitle "CBM 062"]
[Source "ChessBase"]
[SourceDate "1998.01.31"]
[SourceVersion "1"]
[SourceVersionDate "1998.01.31"]
[SourceQuality "1"]

1. e4 c5 2. Nf3 Nc6 3. d4 cxd4 4. Nxd4 Nf6 5. Nc3 d6 6. Bc4 Qb6 7. Nb3 e6 8.
Bf4 Ne5 9. Be2 Bd7 10. Qd2 (10. a4 Be7 11. a5 Qc7 12. a6 O-O 13. O-O Rfb8 {
- Kasparov,G-Kramnik,V/Horgen 1995/CBM 50}) 10... Bc6 $6 (10... Rc8 11. Be3 (
11. f3 Be7 12. O-O-O O-O 13. g4 Rfd8 14. g5 Ne8 15. Be3 Qc7 16. f4 Nc4 17. Bxc4
Qxc4 18. Bxa7 b5 19. a3 b4 20. axb4 Qxb4 21. Qd4 Qb7 22. Bb6 Nc7 23. Rhg1 Re8
24. Bxc7 Rxc7 25. f5 Rec8 26. f6 Bf8 27. Rd3 g6 28. Qf2 d5 29. exd5 exd5 30.
Rgd1 Bf5 31. Rxd5 Rxc3 32. bxc3 Ba3+ 33. Kd2 Qxd5+ {0-1 Brustkern,J-Levin,F/
Berliner Sommer 1997/EXP 59}) 11... Qc7 12. Nb5 Bxb5 13. Bxb5+ Ned7 14. O-O Be7
15. Bd3 d5 16. exd5 Nxd5 17. Bd4 O-O 18. Rfd1 Bf6 19. c4 N5b6 20. Qe2 Rfd8 21.
Qe4 g6 22. Bf1 Na4 23. Bxf6 Nxf6 24. Qe2 e5 25. Rac1 Nc5 26. Nxc5 Qxc5 27. a3
a5 28. b4 axb4 29. axb4 Qxb4 30. Qxe5 Rxd1 31. Rxd1 Qb6 32. Qf4 Kg7 33. h3 Re8
34. Qf3 Re5 35. Bd3 Qb4 36. g3 Re1+ 37. Rxe1 Qxe1+ 38. Kg2 b6 39. Qc6 Qc3 40.
Be4 h5 41. Bd5 Qd4 {- Onischuk,A-Tukmakov,V/Biel SKA 1996/CBM 55}) 11. f3 Be7
12. O-O-O O-O 13. g4 Rfd8 (13... a5 14. a4 Qb4 15. Qe1 Rfc8 16. Rd4 Qb6 17. Be3
$16) 14. h4 $40 {with easy attack for white without real counterplay for black}
Qc7 15. g5 Nfd7 (15... Nh5 16. Bh2 g6 17. f4 $18) 16. Nd4 $1 a6 17. h5 b5 18.
Rdg1 Nf8 (18... b4 19. Nd1 Nf8) 19. a3 $1 {a good move, wasting one tempi,but
completely stopping black play on the Queen's side} Rab8 20. g6 $1 fxg6 (20...
Bf6 21. Be3 Nc4 22. Bxc4 bxc4 23. gxf7+ Kxf7 24. Bg5 $40) 21. Be3 Be8 22. hxg6
Bxg6 $2 (22... hxg6 $142 {when now white's life are not so easy as after 22...
Bxg6?}) 23. f4 Nc4 24. Bxc4 Qxc4 25. f5 Bf7 26. Bh6 g6 (26... Bf6 27. Bxg7 Bxg7
28. f6 $18) 27. Bxf8 Bxf8 28. Qh2 $18 h6 29. Nxe6 1-0

[Event "RUS-Cup01 Chigorin Memorial"]
[Site "St Petersburg"]
[Date "1997.11.07"]
[Round "7"]
[White "Zaitsev, Igor A"]
[Black "Makarov, Marat"]
[Result "1/2-1/2"]
[WhiteElo "2475"]
[BlackElo "2540"]
[Annotator "Gofshtein,L"]
[PlyCount "136"]
[EventDate "1997.11.01"]
[EventType "swiss"]
[EventRounds "9"]
[EventCountry "RUS"]
[SourceTitle "CBM 062"]
[Source "ChessBase"]
[SourceDate "1998.01.31"]
[SourceVersion "1"]
[SourceVersionDate "1998.01.31"]
[SourceQuality "1"]

1. e4 {Hecht} c5 2. Nf3 Nc6 3. d4 cxd4 4. Nxd4 Nf6 5. Nc3 d6 6. Bc4 Qb6 7. Be3
Qxb2 (7... a6 8. Ndb5 Qa5 9. Nd4 e6 (9... Nxe4 $2 10. Qf3 Ne5 11. Qxe4 Nxc4 12.
Nb3 Qc7 13. Nd5 Qc6 14. Nd4 Qd7 15. O-O-O $16 {Nann}) 10. O-O Be7 11. Bb3 O-O
12. f4 Bd7 13. f5 Nxd4 14. Bxd4 exf5 15. exf5 $11 {Short-Kramnik,Novgorod 1996}
) 8. Ndb5 Qb4 9. Qe2 $1 Ne5 $5 $146 (9... Qa5 $1 $13 10. Bd2 Qd8 11. Nd5 Nxd5
12. exd5 Ne5 13. Bb3 a6 14. f4 (14. Nd4 Qc7 15. f4 Nd7 16. O-O g6 17. Rae1 Nf6
18. Kh1 Bg7 19. Ba5 Qd7 20. Ba4 b5 21. Nxb5 O-O 22. Nc3 Qa7 23. Qxe7 Bd7 24.
Bxd7 Nxd7 25. Qxd6 Rfc8 26. Qa3 Qd4 27. Qa4 Qxa4 28. Nxa4 Rxc2 29. Nb6 Nxb6 30.
Bxb6 Bf8 31. a4 Rac8 32. a5 Rd2 33. f5 Rxd5 34. fxg6 {- Renteria,J-Minaya,J/
Bogota Telecom 1997/EXT 97}) 14... Ng4 15. Nd4 (15. Na3 Qc7 16. Nc4 b5 17. Ba5
Qc5 18. Nb6 Rb8 19. Nxc8 Qxc8 20. c4 g6 21. Bc3 Rg8 22. O-O Qc5+ 23. Kh1 Ne3
24. Rfe1 Nxd5 25. cxd5 Qxc3 26. Rac1 Qa5 27. Rc6 Qd8 28. Rec1 h5 29. Qe3 Bh6
30. h3 Kf8 31. g4 hxg4 32. hxg4 Rh8 33. Kg2 Bg7 34. Qa7 Bb2 35. R1c2 Ba1 36.
Rc1 Bf6 37. g5 Bb2 38. R1c2 Ba3 39. Qd4 Kg8 40. Rxa6 Bc5 41. Qd3 Qc8 42. Rc6
Qg4+ 43. Qg3 Qd1 {0-1 Pinski,J-Galliamova Ivanchuk,A/MK Cafe op 1997/EXP 59})
15... g6 16. Ba4+ Bd7 17. Bxd7+ Qxd7 18. Rb1 Bg7 19. Ne6 fxe6 20. Qxg4 exd5 21.
Qxd7+ Kxd7 22. Rxb7+ Ke6 23. O-O Bd4+ 24. Kh1 {Guimaraes,W-Zarnicki,P/WchJT
U26 1997/EXT 97/0-1 (42)}) (9... Nxe4 10. Bd4 $1 Nxd4 11. Qxe4 e5 12. O-O-O
Qxc4 13. Rxd4 Qc6 14. Nd5 $1 {Dubinskij-Grachev,Moskva 1996}) 10. Rb1 (10. Bb3
Qa5 $13) 10... Qxc4 11. Qxc4 Nxc4 12. Nc7+ Kd8 13. Nxa8 Nxe3 14. fxe3 b6 15.
O-O (15. Kd2 Bb7 16. Nxb6 axb6 17. Rxb6 Nxe4+ 18. Nxe4 Bxe4) 15... Bb7 16. Nxb6
axb6 17. Rxb6 Bc8 (17... Bxe4 18. a4) (17... Kc7 18. Rfb1) 18. a4 g6 $1 19.
Rxf6 (19. a5 Bh6 20. Rf3 Nd7) 19... Bg7 $1 (19... exf6 20. a5 d5 21. a6 Bxa6
22. Rxa6 $16) 20. a5 Bxf6 21. Nd5 $8 Kd7 $8 22. a6 Bxa6 23. Rxa6 Ke6 {Black
playes for a win} (23... Rb8 24. Nxf6+ exf6 $11) 24. Rc6 Rb8 25. Kf2 Bg5 26.
Nb6 Rb7 27. Kf3 Ra7 28. g3 Ra6 $6 {a mistake,but black can not really improve
his position.and the game should end with a draw} 29. e5 $1 Ra3 $2 (29... Ra2)
30. exd6 exd6 31. Rxd6+ Ke7 32. Rd3 $14 Ra2 33. Nd5+ Ke6 34. h4 Bh6 35. Nb4 Ra1
{although white of course is better the game more likely to end with a draw}
36. Rc3 Rf1+ 37. Ke2 Rg1 38. Kf2 Rd1 39. Nd3 Bf8 40. Rc4 Bd6 41. Re4+ Kd7 42.
Rc4 Ke6 43. Kf3 Rf1+ 44. Kg2 Rd1 45. Nf4+ Kf5 46. Ne2 Be5 47. Nd4+ Bxd4 48.
Rxd4 {[#] Hecht:  schlechte weiße Bauernstruktur und aktive schwarze Figuren} (
48. exd4 Ke4 49. c3 Rd2+ $132) 48... Rc1 49. g4+ (49. Rd2 {Hecht} h5 50. Kf3
Rf1+ 51. Rf2 Rc1 52. e4+ Ke5 53. Re2 Rf1+ 54. Kg2 Rc1 $44 {[%csl Rc2,Re4,Rg3]})
49... Ke5 50. c4 h6 51. Kf3 Rh1 52. Rd5+ Ke6 53. h5 Rc1 54. hxg6 fxg6 55. Rc5
Kd6 56. Rd5+ Ke6 57. Rc5 Kd6 $11 58. Rc8 h5 59. gxh5 gxh5 {Hecht: Der
entfernte schwarze Freibauer bindet die weiße Figuren sehr bald so, daß ein
Gewinn nicht möglich ist. Typischer Vorgang für Turmendspiele dieser Art.} 60.
Ke2 h4 61. Kd3 h3 62. Rh8 Rh1 63. Kd4 Rd1+ 64. Ke4 Rh1 65. Rh5 h2 66. Rd5+ Ke6
67. Rd2 Rc1 68. Rxh2 Rxc4+ 1/2-1/2

[Event "Clarin GP final"]
[Site "Villa Gesell"]
[Date "1998.03.11"]
[Round "5"]
[White "Giaccio, Alfredo Gustavo"]
[Black "Zarnicki, Pablo Adrian"]
[Result "1/2-1/2"]
[WhiteElo "2460"]
[BlackElo "2515"]
[Annotator "Gofshtein,L"]
[PlyCount "58"]
[EventDate "1998.03.07"]
[EventType "tourn"]
[EventRounds "11"]
[EventCountry "ARG"]
[EventCategory "10"]
[SourceTitle "CBM 064"]
[Source "ChessBase"]
[SourceDate "1998.06.02"]
[SourceVersion "1"]
[SourceVersionDate "1998.06.02"]
[SourceQuality "1"]

1. e4 c5 2. Nf3 Nc6 3. d4 cxd4 4. Nxd4 Nf6 5. Nc3 d6 6. Bc4 Qb6 7. Nxc6 bxc6 8.
O-O g6 9. Qe2 (9. Be3 Qxb2 $2 (9... Qc7 10. f4 Bg7 11. Bd4 O-O 12. Kh1 e5 13.
fxe5 dxe5 14. Bc5 Re8 15. Qf3 $14 {Todorovich-Leskur,Vrnjachka Banja,1996}) 10.
Bd4 e5 11. Rb1 Qa3 12. Rb3 Qa5 13. Be3 Be7 14. Bg5 Qc5 15. Bxf6 Bxf6 16. Qf3
Qxc4 17. Qxf6 O-O 18. Qxd6 $16 {Berkovich-Petrienko USSR 1980}) (9. h3 Bg7 10.
Re1 O-O 11. Bb3 Bb7 12. e5 dxe5 13. Rxe5 e6 14. Re1 c5 $15 {Martinez,S
-Spragett,K 1993}) (9. Bb3 Bg7 10. Bf4 Nd7 11. Bg5 a5 12. Qf3 Ne5 13. Qg3 Ba6
14. Rfe1 Qc7 15. Rad1 $14 {Prie-Tukmakov,France 1991}) (9. e5 dxe5 10. Qe2 Qd4
$5 11. Be3 Qd6 12. Rad1 Qc7 13. f4 Bg4 14. Qf2 e4 $1 (14... Bxd1 $2 15. fxe5
Qxe5 16. Bd4 Qd6 17. Bxf6 Qxf6 18. Qc5 $18) 15. Rde1 Bf5 $1 16. h3 h5 $11 {
Topalov-Kramnik,Novgorod 1997}) 9... Ng4 $5 $146 (9... Nd7 10. Be3 Qxb2 11. Bd4
e5 12. Rab1 Qa3 13. Rb3 Qa5 14. Be3 Be7 15. Bd2 Qc7 16. Bh6 Nb6 17. Bd3 Be6 18.
Rbb1 Nd7 $17 {All-Spragett,1986 Dubai}) (9... Bg4 10. Qe1 (10. Qd3 Bg7 11. Be3
Qxb2 12. Rab1 Qa3 13. Rb7 Qa5 14. e5 dxe5 15. Ne4 O-O $17 {Rigo-Finegold ,New
York 1993}) 10... Qc5 11. b3 Bg7 12. Na4 Qh5 13. Bb2 Be6 14. Bxe6 fxe6 15. e5
Ng4 16. h3 Bxe5 17. Bxe5 Nxe5 18. f4 $16 {Madl-Varga,1997 Budapest}) 10. b3 (
10. h3 Ne5 11. Be3 Qxb2 12. Bd4 Qb4 $1 13. f4 (13. Rfb1 Qxc4 14. Qxc4 Nxc4 15.
Bxh8 f6 16. Rb4 (16. f4 Kf7 17. Rb4 Nb6 $17) 16... Ne5 17. Rab1 Kd8 $17) 13...
Qxc4 14. Qxc4 Nxc4 15. Bxh8 f6 16. e5 Kf7 17. exf6 exf6 18. g4 d5 $17) (10. Bb3
Bg7 11. h3 Ne5 12. Be3 Qa6 (12... Ba6 13. Qd2 Qc7 14. Rfe1 O-O 15. Bh6 $14) (
12... Qa5 13. Rfd1 Ba6 14. Qd2 Nc4 15. Bxc4 Bxc4 16. Bh6 $14) 13. Qd1 (13. Qd2
Nc4 (13... O-O 14. Bh6 $14) 14. Bxc4 Qxc4 15. Bh6 Bxc3 $5 16. bxc3 f6 $13 (
16... Qxe4 $13)) 13... O-O $132) 10... Bg7 11. Bb2 Qa5 $5 12. Qd2 $6 Qe5 $1 13.
g3 (13. f4 $2 Qd4+ $17) 13... Qh5 14. f3 Qc5+ 15. Kh1 Qe3 {black  with
taktikal way reach eqwal} (15... Ne3 $2 16. Na4 Nxf1 17. Rxf1 $18) 16. Qe1 (16.
Bxf7+ $2 Kf8 17. Qg2 Ne5 18. Nd1 (18. Bc4 Nxc4 19. Nd1 Bxb2 20. Nxe3 Nxe3)
18... Qh6 $19) 16... Qxe1 17. Rfxe1 Ne5 18. Be2 O-O 19. f4 $11 Nd7 20. Na4 Nb6
21. Bxg7 Kxg7 22. Nxb6 (22. Nb2 $5) 22... axb6 23. a4 Bb7 24. Bf3 c5 25. Kg2 e6
26. Rad1 Rfd8 27. Rd2 Kf8 28. Red1 Ke7 29. Kf2 Rac8 1/2-1/2

[Event "RUS-chT 05th"]
[Site "Maikop"]
[Date "1998.06.05"]
[Round "3"]
[White "Balashov, Yuri S"]
[Black "Lopushnoy, Denis"]
[Result "1-0"]
[WhiteElo "2555"]
[BlackElo "2390"]
[Annotator "Gofshtein,L"]
[PlyCount "79"]
[EventDate "1998.06.03"]
[EventType "team-tourn"]
[EventRounds "11"]
[EventCountry "RUS"]
[SourceTitle "CBM 066"]
[Source "ChessBase"]
[SourceDate "1998.09.30"]
[SourceVersion "1"]
[SourceVersionDate "1998.09.30"]
[SourceQuality "1"]
[WhiteTeam "Tomsk 400"]
[BlackTeam "Novokuznetsk"]
[WhiteTeamCountry "RUS"]
[BlackTeamCountry "RUS"]

1. e4 {Tyomkin,D} c5 2. Nf3 Nc6 3. d4 cxd4 4. Nxd4 Nf6 5. Nc3 d6 6. Bc4 Qb6 7.
Nb3 e6 8. Bf4 Ne5 9. Be2 Bd7 10. Qd2 (10. O-O {-the main line}) 10... Be7 $146
(10... Rc8 11. Be3 (11. f3 Be7 12. O-O-O O-O 13. g4 Rfd8 14. g5 Ne8 15. Be3 Qc7
16. f4 Nc4 $132 {Brustkern,J-Levin,F/Berliner Sommer 1997/0-1(33)}) 11... Qc7
12. Nb5 Bxb5 13. Bxb5+ Ned7 14. O-O Be7 15. Bd3 d5 16. exd5 Nxd5 17. Bd4 $14 {
Onischuk,A-Tukmakov,V/Biel SKA 1996/1/2-1/2(41)}) 11. f3 O-O ({More flexiable
was} 11... Qc7 12. Nb5 Bxb5 (12... Qb8 13. Rd1 $16 (13. O-O-O d5 $1 14. Qc3
Nd3+ $1)) 13. Bxb5+ Nc6 14. Rd1 Rd8 15. Qa5 $1 Qd7 $14 {with mutual chanses,
although white has slightly better prospects.}) 12. g4 Bc6 $5 {[%cal Gf6d7]} (
12... Qc7 $5 13. O-O-O Bc6 (13... a5 $2 14. g5 Ne8 15. Bxe5 dxe5 16. Qxd7 $18)
14. h4 Rfc8 15. g5 Nfd7 16. h5 $36) 13. Be3 Qc7 14. g5 Nfd7 15. f4 Ng6 16. h4
$14 Rfd8 (16... Rfc8 17. h5 Ngf8 18. Nd4 Nc5 19. Bf3 $14) 17. h5 Ngf8 18. Nd4 (
{Less accurate is} 18. Bf3 $6 {in a vew of} Nb6 $1 {and black gets
counterchanses.}) 18... Nc5 19. Bf3 b5 $6 {After this move black is in serious
troubles.Deserved attention} (19... d5 $5 20. exd5 exd5 21. h6 g6 (21... Ne4 $2
22. Bxe4 dxe4 23. hxg7 Kxg7 24. Nf5+ $18) 22. O-O-O Ne4 {with counterplay.})
20. Qg2 $1 b4 21. Ncb5 Bxb5 22. Nxb5 Qd7 23. Nd4 e5 $5 {It's hard to recommend
something better.} 24. Nf5 exf4 25. Bxf4 Rab8 (25... Nfe6 26. Be3 $16) 26. Rd1
Qc7 27. O-O $16 {Black is fully deprived of counterplay.} Nfe6 28. Be3 Bf8 (
28... g6 $5 29. Nh6+ $1 (29. hxg6 hxg6 30. Nxe7+ $6 Qxe7 31. Qg3 Na4 32. Bc1 (
32. Rd2 $6 Nxb2 33. Qh4 Qf8 34. Rh2 Qg7 $13) 32... Rbc8 33. Rf2 Rc5 34. Rd5 $14
) 29... Kg7 30. Rd2 $16 {[%csl Rf7][%cal Gd2f2,Gf3g4]}) 29. g6 fxg6 30. hxg6 h6
31. Be2 $1 {[%cal Ge2c4]} Re8 32. Bc4 {Full domination of white pieces!} Kh8
33. Kh1 Nd7 $2 {Loosing on the spot.} (33... Na4) 34. Bxe6 Rxe6 {[%tqu "En","",
"","","e3h6","",10]} 35. Bxh6 $1 $18 Ne5 {[%tqu "En","","","","h6g7","",10]}
36. Bxg7+ $1 Kg8 37. Qh3 Nxg6 38. Bxf8 Rxf8 39. Nh6+ Kg7 40. Qxe6 1-0

[Event "POL-ch 58th"]
[Site "Warsaw"]
[Date "2001.03.23"]
[Round "6"]
[White "Macieja, Bartlomiej"]
[Black "Blehm, Pawel"]
[Result "0-1"]
[WhiteElo "2578"]
[BlackElo "2512"]
[Annotator "Gofshtein,L"]
[PlyCount "114"]
[EventDate "2001.03.18"]
[EventType "tourn"]
[EventRounds "13"]
[EventCountry "POL"]
[EventCategory "11"]
[SourceTitle "CBM 082"]
[Source "ChessBase"]
[SourceDate "2001.05.17"]
[SourceVersion "1"]
[SourceVersionDate "2001.05.17"]
[SourceQuality "1"]

1. e4 c5 2. Nc3 Nc6 3. Nf3 d6 4. d4 cxd4 5. Nxd4 Nf6 6. Bc4 Qb6 7. Ndb5 a6 8.
Be3 Qa5 9. Nd4 Ne5 10. Nb3 Qc7 11. Be2 e6 12. f4 {there are two alternativs:} (
12. O-O Be7 13. f4 Nc4 14. Bxc4 Qxc4 15. Qf3 O-O 16. Rad1 Nd7 17. Qg3 Re8 18.
Kh1 b5 19. Bd4 g6 20. e5 Bb7 21. Na5 Qc7 22. Nxb7 Qxb7 23. f5 Nxe5 24. fxe6
fxe6 25. Bxe5 dxe5 26. Qxe5 Qc6 $132 {0-1 De Firmian,N-Schussler,H/Reykjavik
1984/MCD (40)}) (12. a4 b6 13. Qd4 Rb8 14. O-O Be7 15. f4 Ng6 16. Qd1 O-O 17.
Bd3 Bb7 18. Qe2 Ra8 19. Rae1 Rfe8 20. g4 d5 $132 {0-1 Sigurjonsson,G-Hort,V/
Ljubljana 1977/MCD (54)}) 12... Nc4 (12... Nc6 $5 13. g4 b5 14. g5 (14. Bd3 Bb7
15. g5 Nd7 16. Qf3 Nc5 17. h4 Nb4 18. Rd1 d5 19. Nxc5 Bxc5 20. Bxc5 Qxc5 21. a3
Nxd3+ 22. cxd3 dxe4 $132 {Czebe,A-Wilhelmi,C/Budapest FS02 IM 1996/EXP 51/1-0 
(53)}) 14... Nd7 15. Bf3 Bb7 16. Qe2 b4 (16... Nb6 $1 {Gulko} 17. O-O-O Be7 {
/\ 18... b4, 18... Nc4<=>}) 17. Na4 a5 18. c4 {/^a6-f1} Be7 $132 {1-0
Christiansen,L-Yermolinsky,A/Chandler 1997/CBM 61/[ChessBase] (48)}) 13. Bxc4
Qxc4 14. Qf3 e5 $146 {[%mdl 8]} (14... Bd7 {this move was used very often,and
gave for black not bad counterplay} 15. O-O-O Rc8 16. Bd4 $5 (16. Rd2 Qc7 (
16... b5 17. Bb6 Qc6 18. Ba5 Qa8 19. Re1 Be7 20. Bb4 Rc4 21. Bxd6 b4 22. Nd1
Bxd6 23. Rxd6 $16 {1/2-1/2 Sax,G-Tratar,M/Feldbach 1997/EXT 98 (30)}) 17. Rhd1
b5 $13 {1/2-1/2 Losev,D-Belikov,V/Moscow 1998/EXT 99 (38)}) 16... b5 17. a3 Be7
18. Bxf6 gxf6 19. f5 h5 20. Qg3 b4 21. axb4 Qxb4 22. Rd4 Qb6 23. Rhd1 h4 24.
Qg7 Rf8 25. Kb1 a5 $13 {1-0 Ivanchuk,V-Kramnik,V/Paris 1995/CBM 49 ext (43)}) (
14... Qc7 $5 15. Qg3 b5 16. e5 dxe5 17. fxe5 b4 (17... Nd7 $5) 18. Na4 Ne4 19.
Qf4 Bb7 20. O-O g5 21. Qg4 h5 22. Qe2 h4 $132 {0-1 Koch,J-Hernandez,G/Tunja
1989/TD (54)}) (14... d5 $6 15. e5 Ne4 16. Nxe4 Qxe4 (16... dxe4 17. Qe2 Qxe2+
18. Kxe2 f5 19. Rhd1 $16 {1/2-1/2 Romanov,E-Balogh,C/Oropesa del Mar 1999/CBM
72 ext (43)}) 17. Qxe4 dxe4 18. Bb6 Be7 19. O-O-O g5 20. Nd2 $16 {1-0 Abergel,
T-Radulov,I/Clichy 2000/EXT 2001 (40)}) 15. f5 (15. h3) 15... b5 16. O-O-O (16.
Bg5 b4 17. Nd2 Qc6 $132 18. Ne2) 16... Bd7 (16... b4 $6 17. Nd2 (17. Na5 $2 Qc7
18. Nd5 Qxa5 19. Bb6 Qxa2 20. Nc7+ Kd7 21. Nxa8 Bb7 $19) 17... Qc6 18. Nd5 Nxd5
19. exd5 Qa4 20. Kb1 Bb7 21. Ne4 $36) (16... Bb7 17. Na5 (17. Nd2 Qc6 $132)
17... Bxe4 18. Nxc4 Bxf3 19. Nxd6+ Bxd6 20. gxf3 $14) 17. Kb1 Rc8 (17... b4 18.
Nd5 Nxd5 19. Rxd5 Rc8 20. Rc1) 18. Rc1 h6 {[%csl Rd5,Rg5] Profilactice move} (
18... b4 19. Nd2 Qc7 20. Nd5 Nxd5 21. exd5 $13) 19. Nd2 Qc7 20. Nd5 Qb7 (20...
Nxd5 21. exd5 Be7 22. Ne4 $36) 21. Rhd1 {probably,better was 21.Nf6 with
inducing weaknesses,and keeping some position adventage} (21. Nxf6+ $5 gxf6 22.
Nb3 $5 $14 {[%csl Ra5][%cal Yb3a5]}) 21... Bc6 22. Nb3 Bxd5 23. exd5 Qc7 (23...
Be7) 24. c4 bxc4 25. Nd2 Qb7 26. Nxc4 Be7 27. Qg3 (27. g4 $5 O-O 28. g5 hxg5
29. Bxg5) 27... Kf8 28. Na5 Rxc1+ 29. Bxc1 Qd7 (29... Qb5) 30. Qf3 Kg8 31. g4
Kh7 32. Nc6 Rc8 33. Nxe7 Qxe7 34. g5 Qc7 35. Qg2 Nxd5 36. gxh6 g6 37. fxg6+
fxg6 38. a3 Nf4 39. Bxf4 exf4 $11 {[%mdl 4096]} 40. Qe4 $6 {White does not
feel a danger,and chance to find oneself the losing position} (40. h4 $5 Qc6
41. Qxc6 Rxc6 42. Rd4 f3 43. Rf4 Kxh6 44. Rxf3 Rc4) 40... Qf7 41. Rf1 (41. Rxd6
f3 $36) 41... Rf8 42. Qd4 Qf5+ 43. Ka1 Qe5 44. Qd3 Kxh6 $17 45. h4 Rf5 $5 46.
Qd1 d5 47. Rf3 Qf6 48. Qf1 d4 49. Qf2 Re5 $1 50. Qd2 (50. Rxf4 Qe6 $19) 50...
Re3 $19 51. Rf1 f3 52. Ka2 Kg7 53. h5 Re2 54. Qc1 d3 55. hxg6 Rc2 56. Qb1 f2
57. Ka1 Qe5 0-1

[Event "Tan Chin Nam Cup 4th"]
[Site "Beijing"]
[Date "1998.06.13"]
[Round "6"]
[White "Ehlvest, Jaan"]
[Black "Ye, Jiangchuan"]
[Result "1/2-1/2"]
[WhiteElo "2610"]
[BlackElo "2530"]
[Annotator "Gofshtein,L"]
[PlyCount "90"]
[EventDate "1998.06.08"]
[EventType "tourn"]
[EventRounds "11"]
[EventCountry "CHN"]
[EventCategory "12"]
[SourceTitle "CBM 066"]
[Source "ChessBase"]
[SourceDate "1998.09.30"]
[SourceVersion "1"]
[SourceVersionDate "1998.09.30"]
[SourceQuality "1"]

1. e4 {Hecht Tyomkin,D} c5 2. Nf3 d6 3. d4 cxd4 4. Nxd4 Nf6 5. Nc3 Nc6 6. Bc4
Qb6 7. Ndb5 a6 8. Be3 Qa5 9. Nd4 e6 10. O-O Be7 11. Bb3 O-O 12. f4 Bd7 13. f5
Nxd4 14. Bxd4 exf5 15. exf5 Bc6 16. Qd3 Rae8 17. Rad1 (17. Kh1 Bd8 18. Qg3 d5
19. Rf4 Qc7 20. Qf2 b5 21. a3 a5 22. Rd1 h6 $11 {Hernandez,G-Ivanovic,B/Novi
Sad olm 1990/0-1 (53)}) (17. Rae1 Bd8 18. Rxe8 Rxe8 19. Kh1 h6 20. Qg3 Qb4 21.
Rd1 Qa5 22. Rf1 {1/2-1/2 Koch,J-Hernandez,G/WchTJ U26 1993}) 17... b5 $6 $146 {
This move proves to be a novelty.Black has tried different continuations:} (
17... Bd8 18. Kh1 Nd7 19. Qg3 Bf6 20. Bd5 (20. Qxd6 Bxd4 21. Qxd4 Nf6 22. Nd5
Bxd5 23. Bxd5 Rd8 24. c4 Qxa2 25. Qb6 Nxd5 26. cxd5 Rxd5 27. Qxb7 Rb5 28. Qe7
Rbb8 29. Qd6 Qxb2 {1/2-1/2 Kindermann,S-Gulko,B/Munich 1990}) 20... Qb4 21.
Bxf6 Nxf6 22. Bxc6 bxc6 23. Rxd6 $16 {De Firmian,N-Kramnik,V/Erevan olm 1996/1/
2-1/2(49)}) (17... Nd7 18. Qg3 (18. Ne4 Ne5 19. Qc3 Qxc3 20. Nxc3 Bg5 21. h3 h6
22. Bd5 Rc8 23. Rf2 Rfe8 $11 {Renet,O-Wang Zili/Geneva op 1997/1/2-1/2(47)})
18... Bf6 19. Qxd6 Bxd4+ 20. Qxd4 Nf6 21. Nd5 (21. h3 Re5 22. Qf2 Rfe8 23. Rde1
h5 24. Rxe5 Rxe5 25. a3 Bd7 $11 {Onischuk,A-Svidler,P/Koop Tjuchem 1996/1/2-1/
2(74)}) 21... Bxd5 22. Bxd5 Rd8 23. c4 {1/2-1/2 Short,N-Kramnik,V/Novgorod 1996
}) 18. Qg3 Nh5 (18... b4 $6 19. Nd5 $1 {[%csl Rg7]} Bxd5 20. Bxd5 Rc8 (20...
Qxd5 $2 21. Bxf6 Qc5+ 22. Bd4 $18) 21. Bb3 $16) 19. Qf2 {[%cal Rd4b6]} Qd8 20.
Bd5 $1 {Showing the deep undestanding of the position.That's true that white's
lightsquared bishop is very strong,but the knight is even stronger!} (20. Nd5
$6 Bxd5 21. Bxd5 Bg5 22. g3 Nf6 23. Bf3 Ne4 $14) 20... Bxd5 21. Nxd5 Nf6 22.
Qg3 Nh5 23. Qg4 {Winning some time...} Nf6 24. Qg3 Nh5 25. Qa3 $1 $16 Bh4 26.
Qh3 ({Even better was} 26. Qxa6 $1 Re2 27. Qxb5 Rfe8 28. f6 $1 $16 {with
winning position.}) 26... Nf6 27. Qxh4 Nxd5 28. f6 $5 ({Another promising
possibility was} 28. Qxd8 Rxd8 29. Bxg7 $1 Kxg7 30. Rxd5 Rfe8 31. Kf2 Kf6 32.
Rfd1 $18) 28... Re6 29. Qg5 Nxf6 30. Bxf6 Rxf6 31. Rxf6 Qxf6 32. Qxf6 gxf6 33.
Rxd6 $18 {Arising endgame is easily winning for white. [#]} Rc8 34. c3 b4 $1 {
An only chanse to put up some resistance.} 35. cxb4 {Hecht: Weiß setzt auf die
entstehenden verbundenen Freibauern. Ernsthaft in Betracht kam jedoch:} (35.
Rd3 $5 {Hecht} a5 36. Kf2 {[%cal Yf2e3,Ye3d4]}) 35... Rc1+ 36. Kf2 Rc2+ 37. Ke3
(37. Kf3 {Hecht} Rxb2 38. Rxa6 Rxb4 39. Ra8+ Kg7 40. Re8 Ra4 41. Re2 Ra3+ 42.
Ke4 Kg6 43. Kd4 h5 44. Kc4 Ra8 $14 {Der weiße a-Bauer ist nur schwer
voranzubringen. Man sehe:} 45. Kb5 {[%cal Ra2a4]} Rb8+ 46. Kc6 Ra8 47. Kb7 Ra3
48. Kb6 {[%cal Rb6b5]} Ra8 $1 {Wenn Weiß den König auf a1 versteckt, um danach
mit Tb2-b4 samt a4 weiterzukommen, hat Schwarz genügend Gegenspiel am
Königsflügel.}) 37... Rxb2 38. a3 Rxg2 (38... Rb3+ 39. Rd3 Rb2 40. Kd4 Kf8 (
40... Rxg2 $2 41. Rg3+ Rxg3 42. hxg3 Kf8 43. a4 Ke7 44. Kc5 $18) 41. Kc5 Rxg2
42. Kb6 $18) 39. Rxa6 Rxh2 40. b5 h5 41. a4 $4 {Painfull blunder whoch costs
white a half of point.} (41. b6 $1 {[%cal Rb6b7,Ra6a8,Ya6a4,Ya4b4]} Rb2 42. Kd4
Kf8 (42... h4 43. Kc5 h3 44. Ra4 h2 45. Rh4 $18) 43. Kc5 Ke7 44. Ra7+ Kd8 (
44... Ke6 45. b7 {[%cal Ga7a6,Ga6b6]}) 45. Rxf7 {[%cal Gb6b7]} Kc8 (45... h4
46. Rh7 {[%cal Gh7h8,Yb6b7]}) 46. a4 $18 {[%cal Ga4a5]}) (41. Ra4 {Hecht} Rh3+
42. Kf2 Rb3 43. Rb4 Rxa3 44. b6 Ra8 $11) 41... h4 $11 42. Rxf6 (42. Kf3 {Hecht}
f5 43. b6 {[%cal Ra6a5,Ra5b5,Ra6a8]} Rb2 44. a5 h3 45. Ra8+ Kg7 46. Rc8 h2 47.
Rc1 Rb5 48. Kg2 Rxa5 49. Rb1 Ra8 $11) 42... Ra2 43. Rf2 (43. Rf4 h3 44. b6 h2
45. b7 Rb2 $11) 43... Rxa4 44. Rb2 h3 45. b6 Ra8 1/2-1/2